000 00478nam a2200205Ia 4500
003 0100
008 130303s9999 xx 000 0 und d
040 _cARRUPELIB
050 _aB765.T54B7
100 _aBrennan, Robert Edward
245 _aThomistic psychology
245 _ba philosophic analysis of the nature of man
260 _aNew York
260 _bMacmillan
260 _C1952
300 _a401p.
300 _b 23cm
650 _aPHILOSOPHY
942 0 0 _014
999 _c55202
_d55202